000 00500nam a22001697a 4500
003 OSt
005 20260203095509.0
008 260203b |||||||| |||| 00| 0 eng d
020 _a0787636509
040 _cGale Group
050 _aQD 33 .W873 2000
_b.W873 2000
245 _aWorld of Chemistry
_cRobyn V. Young
250 _a1st edition
260 _aLondon:
_bGale group,
_c2000
300 _aix,1360 pages,
_bill.:som col. includes bibliographic references and indexes;
_c28.4cm
942 _2lcc
_cBK
_n0
999 _c9914
_d9914